|
|
|
|
| LEADER |
01466nam a22004094a 4500 |
| 001 |
EBC470519 |
| 003 |
MiAaPQ |
| 005 |
20200520144314.0 |
| 006 |
m o d | |
| 007 |
cr cn||||||||| |
| 008 |
031016s2004 enka sb 001 0 eng |
| 010 |
|
|
|z 2003022897
|
| 020 |
|
|
|z 1405118628 (pbk.)
|
| 035 |
|
|
|a (MiAaPQ)EBC470519
|
| 035 |
|
|
|a (Au-PeEL)EBL470519
|
| 035 |
|
|
|a (CaPaEBR)ebr10297808
|
| 035 |
|
|
|a (CaONFJC)MIL234243
|
| 035 |
|
|
|a (OCoLC)609849459
|
| 040 |
|
|
|a MiAaPQ
|c MiAaPQ
|d MiAaPQ
|
| 050 |
|
4 |
|a HD1390
|b .E93 2004
|
| 082 |
0 |
4 |
|a 333.33/7
|2 22
|
| 100 |
1 |
|
|a Evans, Alan W.
|
| 245 |
1 |
0 |
|a Economics, real estate, and the supply of land
|h [electronic resource] /
|c Alan W. Evans.
|
| 260 |
|
|
|a Oxford, UK ;
|a Malden, Mass. :
|b Blackwell,
|c 2004.
|
| 300 |
|
|
|a xiv, 258 p. :
|b ill.
|
| 490 |
1 |
|
|a Real estate issues
|
| 500 |
|
|
|a "RICS Foundation"--Cover.
|
| 504 |
|
|
|a Includes bibliographical references (p. [249]-255) and index.
|
| 533 |
|
|
|a Electronic reproduction. Ann Arbor, MI : ProQuest, 2015. Available via World Wide Web. Access may be limited to ProQuest affiliated libraries.
|
| 650 |
|
0 |
|a Real estate development.
|
| 650 |
|
0 |
|a Land use
|x Economic aspects.
|
| 650 |
|
0 |
|a Economics.
|
| 655 |
|
4 |
|a Electronic books.
|
| 710 |
2 |
|
|a RICS Foundation.
|
| 710 |
2 |
|
|a ProQuest (Firm)
|
| 830 |
|
0 |
|a Real estate issues (Oxford, England)
|
| 856 |
4 |
0 |
|u https://ebookcentral.proquest.com/lib/matrademy/detail.action?docID=470519
|z Click to View
|